[Event "Mittelrhein Verbandsliga-O 16/17"]
[Site "Nordrheinwestfalen"]
[Date "2016.10.02"]
[Round "2"]
[White "Bartl, Dirk"]
[Black "Mews, Bernhard"]
[Result "1/2-1/2"]
[WhiteElo "1786"]
[BlackElo "1996"]
[PlyCount "53"]
[EventDate "2016.09.11"]
[EventType "team-tourn"]
[EventRounds "11"]
[EventCountry "GER"]
[SourceTitle "EXT 2022"]
[Source "ChessBase"]
[SourceDate "2021.10.06"]
[SourceVersion "1"]
[SourceVersionDate "2021.10.06"]
[SourceQuality "1"]
[WhiteTeam "Troisdorf"]
[BlackTeam "Koeln Lasker II"]
[WhiteTeamCountry "GER"]
[BlackTeamCountry "GER"]

1. d4 Nf6 2. Bf4 c5 3. c3 Qb6 4. Qb3 Qxb3 5. axb3 cxd4 6. Bxb8 Rxb8 7. Rxa7 dxc3 8. Nxc3 e5 9. e3 Bc5 10. Ra4 0-0 11. Nf3 d6 12. b4 Bb6 13. Bb5 e4 14. Nd2 d5 15. 0-0 Rd8 16. h3 Be6 17. Ra3 Bc7 18. Nb3 Bd6 19. Ra4 Be5 20. Re1 d4 21. Nxd4 Bxd4 22. exd4 Rxd4 23. Ne2 Rd2 24. Nc3 Rd4 25. Ne2 Rd2 26. Nc3 Rd4 27. Ne2 1/2-1/2

[Event "Rhein Main op-A 19th"]
[Site "Bad Homburg"]
[Date "2016.05.28"]
[Round "5"]
[White "Wolf, Ulrich Martin"]
[Black "Mews, Bernhard"]
[Result "1/2-1/2"]
[WhiteElo "2189"]
[BlackElo "2049"]
[PlyCount "44"]
[EventDate "2016.05.25"]
[EventType "swiss"]
[EventRounds "7"]
[EventCountry "GER"]
[SourceTitle "EXT 2017"]
[Source "ChessBase"]
[SourceDate "2016.10.25"]
[SourceVersion "1"]
[SourceVersionDate "2016.10.25"]
[SourceQuality "1"]

1. d4 Nf6 2. Nf3 c5 3. d5 e6 4. Nc3 exd5 5. Nxd5 Nxd5 6. Qxd5 Nc6 7. e4 d6 8. Ng5 Qe7 9. Bc4 f6 10. Qf7+ Kd7 11. Nh3 Nd4 12. Kd1 Qxf7 13. Bxf7 g5 14. Bd5 Kc7 15. c3 Nc6 16. f4 g4 17. Nf2 h5 18. Be3 Bh6 19. Re1 Bd7 20. Kc2 Rh7 21. Rad1 Re8 22. Re2 b6 1/2-1/2

[Event "Rhein Main op-A 19th"]
[Site "Bad Homburg"]
[Date "2016.05.26"]
[Round "2"]
[White "Mews, Bernhard"]
[Black "Chandler, Patrick"]
[Result "1/2-1/2"]
[WhiteElo "2049"]
[BlackElo "2154"]
[PlyCount "65"]
[EventDate "2016.05.25"]
[EventType "swiss"]
[EventRounds "7"]
[EventCountry "GER"]
[SourceTitle "EXT 2017"]
[Source "ChessBase"]
[SourceDate "2016.10.25"]
[SourceVersion "1"]
[SourceVersionDate "2016.10.25"]
[SourceQuality "1"]

1. e4 c5 2. Nf3 Nf6 3. Nc3 d6 4. d4 cxd4 5. Nxd4 e5 6. Bb5+ Bd7 7. Nf5 Bxb5 8. Nxb5 Qa5+ 9. Nc3 Nxe4 10. 0-0 Nxc3 11. bxc3 Nc6 12. Rb1 Qc7 13. Ba3 Qd7 14. Qf3 0-0-0 15. Rfd1 d5 16. Bxf8 Rhxf8 17. Rb5 g6 18. Ne3 d4 19. Nc4 f5 20. Nxe5 Nxe5 21. Rxe5 Rf6 22. Rxd4 Rd6 23. Rc5+ Kb8 24. Qg3 Qe6 25. h3 a6 26. Re5 Qf6 27. Red5 Kc7 28. c4 b6 29. c5 bxc5 30. Rxc5+ Kb6 31. Rxd6+ Qxd6 32. Qxd6+ Rxd6 33. Rc8 1/2-1/2

[Event "Rhein Main op-A 19th"]
[Site "Bad Homburg"]
[Date "2016.05.26"]
[Round "3"]
[White "Zuse, Peter"]
[Black "Mews, Bernhard"]
[Result "1/2-1/2"]
[WhiteElo "2215"]
[BlackElo "2049"]
[PlyCount "51"]
[EventDate "2016.05.25"]
[EventType "swiss"]
[EventRounds "7"]
[EventCountry "GER"]
[SourceTitle "EXT 2017"]
[Source "ChessBase"]
[SourceDate "2016.10.25"]
[SourceVersion "1"]
[SourceVersionDate "2016.10.25"]
[SourceQuality "1"]

1. e4 c5 2. Nf3 e6 3. d4 cxd4 4. Nxd4 Nc6 5. Nc3 Qc7 6. Be3 a6 7. a3 b5 8. Nxc6 Qxc6 9. Bd3 Bb7 10. f4 Nf6 11. Qf3 h5 12. 0-0-0 b4 13. axb4 Bxb4 14. Bd4 Bc5 15. Qe3 Rc8 16. Bxc5 Qxc5 17. Qxc5 Rxc5 18. e5 Ng4 19. Rd2 Ra5 20. b4 Ra1+ 21. Nb1 a5 22. Bb5 Bc6 23. Bxc6 dxc6 24. Kb2 Ra4 25. bxa5 Rxa5 26. Rhd1 1/2-1/2

[Event "Mittelrhein Verbandsliga-O 15/16"]
[Site "Nordrheinwestfalen"]
[Date "2016.05.01"]
[Round "11"]
[White "Mews, Bernhard"]
[Black "Kinnert, Dieter"]
[Result "1-0"]
[WhiteElo "1974"]
[BlackElo "1736"]
[PlyCount "95"]
[EventDate "2015.09.06"]
[EventType "team-tourn"]
[EventRounds "11"]
[EventCountry "GER"]
[SourceTitle "EXT 2022"]
[Source "ChessBase"]
[SourceDate "2021.10.06"]
[SourceVersion "1"]
[SourceVersionDate "2021.10.06"]
[SourceQuality "1"]
[WhiteTeam "Koeln Lasker II"]
[BlackTeam "Troisdorf"]
[WhiteTeamCountry "GER"]
[BlackTeamCountry "GER"]

1. e4 c6 2. d4 d5 3. Nc3 dxe4 4. Nxe4 Bf5 5. Ng3 Bg6 6. h4 h6 7. Nf3 Nd7 8. h5 Bh7 9. Bd3 Bxd3 10. Qxd3 e6 11. Bd2 Ngf6 12. 0-0-0 Qc7 13. Ne4 0-0-0 14. c4 Nc5 15. Nxc5 Bxc5 16. Bc3 Bd6 17. Qe2 Qe7 18. Kb1 Rd7 19. Ne5 Bxe5 20. dxe5 Rxd1+ 21. Rxd1 Nd7 22. Qg4 Qg5 23. Qxg5 hxg5 24. g4 Kd8 25. Kc2 Ke8 26. Kd2 Rg8 27. Ke3 g6 28. h6 Rh8 29. Rh1 f6 30. exf6 Kf7 31. Rd1 Nxf6 32. Bxf6 Kxf6 33. Rd7 Rxh6 34. Rxb7 Rh4 35. Kf3 Rh3+ 36. Kg2 Rd3 37. Rxa7 Rd4 38. b3 Rxg4+ 39. Kf3 Rf4+ 40. Ke3 e5 41. Rc7 g4 42. Rxc6+ Kf5 43. Rc8 Re4+ 44. Kd3 Rd4+ 45. Ke2 Re4+ 46. Kf1 g3 47. Rf8+ Kg4 48. f3+ 1-0

[Event "Pfalz op 03rd"]
[Site "Neustadt an der Weinstrasse"]
[Date "2012.03.03"]
[Round "6"]
[White "Mews, Bernhard"]
[Black "Fromm, Christian"]
[Result "1/2-1/2"]
[WhiteElo "2087"]
[BlackElo "2109"]
[PlyCount "80"]
[EventDate "2012.02.17"]
[EventType "swiss"]
[EventRounds "9"]
[EventCountry "GER"]
[SourceTitle "EXT 2013"]
[Source "ChessBase"]
[SourceDate "2012.11.22"]
[SourceVersion "1"]
[SourceVersionDate "2012.11.22"]
[SourceQuality "1"]

1. e4 d6 2. d4 Nf6 3. Nc3 e5 4. Nf3 Nbd7 5. g4 h6 6. Rg1 exd4 7. Nxd4 Ne5 8. Be2 c5 9. Nf5 a6 10. Bf4 Be6 11. Ne3 Qa5 12. Qd2 b5 13. f3 0-0-0 14. Ncd5 Qxd2+ 15. Kxd2 Nfd7 16. a4 Kb7 17. axb5 axb5 18. Ra5 Ra8 19. Rxb5+ Kc8 20. b4 Nc6 21. bxc5 Nd4 22. Rb2 dxc5 23. Rgb1 g5 24. Bg3 Bg7 25. Rb7 Kd8 26. Nb6 Nxb6 27. R1xb6 Rc8 28. Bd6 c4 29. e5 c3+ 30. Ke1 Bf8 31. Kf2 Nxe2 32. Kxe2 Bxd6 33. Rxd6+ Ke8 34. Nf5 Kf8 35. Nd4 Bc4+ 36. Kf2 h5 37. e6 Bxe6 38. Nxe6+ fxe6 39. Rdd7 hxg4 40. Rf7+ Ke8 1/2-1/2

[Event "Pfalz op 03rd"]
[Site "Neustadt an der Weinstrasse"]
[Date "2012.02.20"]
[Round "3"]
[White "Bauer, Bjoern Benny"]
[Black "Mews, Bernhard"]
[Result "0-1"]
[WhiteElo "1934"]
[BlackElo "2087"]
[PlyCount "118"]
[EventDate "2012.02.17"]
[EventType "swiss"]
[EventRounds "9"]
[EventCountry "GER"]
[SourceTitle "EXT 2013"]
[Source "ChessBase"]
[SourceDate "2012.11.22"]
[SourceVersion "1"]
[SourceVersionDate "2012.11.22"]
[SourceQuality "1"]

1. d4 Nf6 2. c4 c5 3. d5 e6 4. Nc3 exd5 5. cxd5 d6 6. e4 g6 7. Nf3 Bg7 8. Bb5+ Nbd7 9. 0-0 0-0 10. Bxd7 Bxd7 11. a4 Bg4 12. h3 Bxf3 13. Qxf3 Nd7 14. Qe2 a6 15. Ra3 Re8 16. Qc2 Qh4 17. Be3 Ne5 18. Ne2 b5 19. b3 Nd7 20. Bf4 Qe7 21. f3 Rec8 22. Qd2 Nb6 23. a5 Nd7 24. Rc1 Rab8 25. Ra2 Ne5 26. Bxe5 Qxe5 27. Rac2 Re8 28. Qf4 Qxf4 29. Nxf4 Bd4+ 30. Kf1 Be3 31. Nd3 Bxc1 32. Rxc1 f5 33. exf5 gxf5 34. Kf2 Rbc8 35. Nf4 c4 36. b4 c3 37. Rc2 Rc4 38. Nd3 Kf7 39. f4 Kf6 40. g4 h6 41. Kf3 Rec8 42. Ke3 Re4+ 43. Kf3 Re7 44. Nf2 Re1 45. Nd3 Rh1 46. Nf2 Rb1 47. Nd3 Rc4 48. Ke2 fxg4 49. hxg4 h5 50. gxh5 Rh1 51. Nf2 Rh2 52. Ke3 Kf5 53. h6 Rxh6 54. Kd3 Kxf4 55. Ke2 Rh2 56. Kd3 Rg2 57. Nd1 Rd2+ 58. Rxd2 cxd2 59. Kxd2 Rxb4 0-1